Экспериментальные исследования системы управления вибрационным электромагнитным активатором при работе в различных средах; Электромеханические преобразователи энергии

Detalles Bibliográficos
Parent link:Электромеханические преобразователи энергии.— 2005.— С. 358-364.
Outros autores: Бекишев Р. Ф. Рудольф Фридрихович, Глазырин А. С. Александр Савельевич, Карагодин П. А., Цурпал С. Л., Шелестюк Д. В.
Idioma:ruso
Publicado: 2005
Subjects:
Formato: Capítulo de libro
KOHA link:https://koha.lib.tpu.ru/cgi-bin/koha/opac-detail.pl?biblionumber=97752

MARC

LEADER 00000naa2a2200000 4500
001 97752
005 20240403064830.0
035 |a (RuTPU)RU\TPU\book\104788 
090 |a 97752 
100 |a 20060605d2005 k y0rusy50 ca 
101 0 |a rus 
102 |a RU 
200 1 |a Экспериментальные исследования системы управления вибрационным электромагнитным активатором при работе в различных средах  |f Р. Ф. Бекишев [и др.] 
320 |a Библиогр.: 2 назв. 
463 0 |0 (RuTPU)RU\TPU\book\70271  |t Электромеханические преобразователи энергии  |o материалы Международной научно-технической конференции, 20-22 октября, 2005, г. Томск  |f Администрация Томской области; Томский политехнический университет; сост. С. В. Ланграф  |v С. 358-364.  |d 2005  |p 440 с. 
610 1 |a активаторы 
610 1 |a электромагнитные активаторы 
610 1 |a вибрационные активаторы 
610 1 |a системы управления 
610 1 |a экспериментальные исследования 
610 1 |a труды учёных ТПУ 
701 1 |a Бекишев  |b Р. Ф.  |c специалист в области электротехники  |c профессор Томского политехнического университета, доктор технических наук  |f 1940-2010  |g Рудольф Фридрихович  |3 (RuTPU)RU\TPU\pers\19768 
701 1 |a Глазырин  |b А. С.  |c специалист в области электротехники  |c профессор Томского политехнического университета, доктор технических наук  |f 1978-  |g Александр Савельевич  |y Томск  |3 (RuTPU)RU\TPU\pers\26445  |9 12148 
701 1 |a Карагодин  |b П. А. 
701 1 |a Цурпал  |b С. Л. 
701 1 |a Шелестюк  |b Д. В. 
801 1 |a RU  |b 63413507  |c 20060605  |g PSBO 
801 2 |a RU  |b 63413507  |c 20150925  |g PSBO 
942 |c BK